Retroactividad penal de crm̕enes internacionales

Detalles Bibliográficos
Autor principal: Andreu-Guzmǹ, Federico
Formato: eBook
Lenguaje:español
Publicado: Bogot:̀ Comisin̤ Colombiana de Juristas, 2012
Materias:
Acceso en línea:Acceso restringido

MARC

LEADER 00000nam a22000007a 4500
005 20200306220849.0
007 cr|||| ||||
008 200306s2012 co |||||s|||| 00||0 spa d
020 |a 978-958-9348-53-6 
035 |a 31175 
040 |a vLex 
090 |c 10204  |d 10204 
100 1 |a Andreu-Guzmǹ, Federico 
245 1 0 |a Retroactividad penal de crm̕enes internacionales  |h [Recurso electrn̤ico] /  |c Federico Andreu-Guzmǹ 
256 |a Servicio en ln̕ea 
260 |a Bogot:̀  |b Comisin̤ Colombiana de Juristas,  |c 2012 
300 |a 1 recurso electrn̤ico 
506 1 |a Disponible solo en los productos indicados  |d vLex Global  |d vLex Global (Academic Edition, excluding Law Schools)  |d vLex Global (U.S. Academic Edition, Law Schools)  |d vLex Global (U.S. Academic Edition, excluding Law Schools)  |d vLex Global (Academic Edition, Law Schools) 
650 0 4 |a Derecho Penal  |z Colombia 
650 0 4 |a Derecho Internacional  |z Colombia 
740 0 |a vLex Libros (Servicio en ln̕ea) 
856 4 0 |u http://vlex.com/source/retroactividad-penal-crimenes-internacionales-31175  |z Acceso restringido 
942 |c BOOK 
999 0 |a Criminal Law 
999 0 |a International Law